UBT Library

CARPENTRY & BUILDING CONSTRUCTION (Record no. 26553)

000 -LEADER
fixed length control field 00278nam a22001217a 4500
008 - FIXED-LENGTH DATA ELEMENTS--GENERAL INFORMATION
fixed length control field 170907b xxu||||| |||| 00| 0 eng d
041 ## - LANGUAGE CODE
Language code of text/sound track or separate title eng
080 ## - UNIVERSAL DECIMAL CLASSIFICATION NUMBER
Edition identifier 3RD
Universal Decimal Classification number 721
100 ## - Rafti
Rafti 41
101 ## - Shkurtesa
Shkurtesa NDI
245 ## - TITLE STATEMENT
Title CARPENTRY & BUILDING CONSTRUCTION
Statement of responsibility, etc FEIRER,J.L
942 ## - ADDED ENTRY ELEMENTS (KOHA)
Source of classification or shelving scheme
Item type Books
Holdings
Withdrawn status Lost status Source of classification or shelving scheme Damaged status Not for loan Collection code Permanent location Current location Shelving location Date acquired Total Checkouts Full call number Barcode Date last seen Price effective from Koha item type
          Koleksioni i përgjithshem UBT - Lipjan UBT - Lipjan Koleksioni i përgjithshem 09/07/2017   721 FEI 002-2921267 09/07/2017 09/07/2017 Books
UBT Library © 2015-2024. All rights reserved University Education for Business and Technology